[Event "Anti Cheating Blitz Cup"]
[Site "Chess.com INT"]
[Date "2020.05.20"]
[Round "3"]
[White "Ccerhuayo Escobedo, Mels Leopold"]
[Black "Miano, Andrea"]
[Result "1-0"]
[WhiteElo "2153"]
[BlackElo "1563"]
[PlyCount "75"]
[EventDate "2020.05.20"]
[EventType "swiss (blitz)"]
[EventRounds "11"]
[EventCountry "USA"]
[SourceTitle "CBM 196 Extra"]
[Source "ChessBase"]
[SourceDate "2020.07.31"]
[SourceVersion "1"]
[SourceVersionDate "2020.07.31"]
[SourceQuality "1"]

1. e4 e6 2. d4 d5 3. Nc3 dxe4 4. Nxe4 Nf6 5. Ng3 c5 6. Nf3 Nc6 7. Bb5 Qa5+ 8. c3 Qxb5 9. a4 Qb6 10. 0-0 cxd4 11. cxd4 Bd6 12. Re1 Bxg3 13. hxg3 0-0 14. Be3 Qc7 15. Rc1 Qd8 16. Qd2 Bd7 17. b4 Rc8 18. b5 Ne7 19. Ne5 a6 20. Qd3 axb5 21. axb5 Rxc1 22. Rxc1 Qe8 23. b6 Ned5 24. Bd2 Nxb6 25. Bb4 Bb5 26. Qb3 Bd7 27. Bxf8 Kxf8 28. Qxb6 Nd5 29. Qxb7 Ke7 30. Nc4 Kf6 31. Ne3 Nxe3 32. fxe3 Ba4 33. Rf1+ Kg6 34. g4 Qd8 35. Qe4+ Kg5 36. Qf4+ Kg6 37. Qxf7+ Kh6 38. Qh5# 1-0